Vol. 2, № 12; Multimedia World

Dades bibliogràfiques
Parent link:Multimedia World: журнал. Vol. 2, № 12.— , 1995-1996
Idioma:rus
Publicat: 1995
Format: MixedMaterials Llibre
KOHA link:https://koha.lib.tpu.ru/cgi-bin/koha/opac-detail.pl?biblionumber=551463

MARC

LEADER 00000nam2a2200000 4500
001 551463
005 20231101120838.0
035 |a (RuTPU)RU\TPU\prd\245122 
035 |a RU\TPU\prd\244887 
090 |a 551463 
100 |a 20151117a19959999k y0engy50 ba 
101 1 |a rus  |c eng 
102 |a US 
200 0 |a Vol. 2, № 12 
210 |d 1995 
461 1 |0 (RuTPU)RU\TPU\prd\17  |t Multimedia World  |o журнал  |v Vol. 2, № 12  |d 1995-1996 
801 0 |a RU  |b 63413507  |c 20010227  |g PSBO 
801 1 |a RU  |b 63413507  |c 20020228  |g PSBO 
801 2 |a RU  |b 63413507  |c 20151118  |g PSBO 
942 |c BK 
999 |a НТБ_ТПУ  |b НФ  |e -19/20150916  |p П-4413  |u 0,00  |v 1